[Event "8. LGA Premium Cup 2011"]
[Site "Nürnberg"]
[Date "2011.09.08"]
[Round "1.87"]
[White "Siegl, Melina"]
[Black "Höfelsauer, Thomas"]
[Result "0-1"]
[WhiteElo "1625"]
[BlackElo "2185"]
[PlyCount "64"]
[EventDate "2011.??.??"]

1. e4 c6 2. d4 d5 3. exd5 cxd5 4. Bd3 Nc6 5. c3 Nf6 6. Bf4 g6 7. Nf3 Bg7 8.
Nbd2 O-O 9. O-O Bf5 10. Nb3 Bxd3 11. Qxd3 Ne4 12. Rad1 e6 13. Nfd2 Nd6 14. Rfe1
Rc8 15. Re2 Ne7 16. Nf1 Nc4 17. Ne3 b6 18. Ng4 Nf5 19. Qc2 g5 20. Be5 f6 21.
Bg3 h5 22. Rxe6 Nxg3 23. Nxf6+ Rxf6 24. Rxf6 Qxf6 25. hxg3 Rf8 26. Nc1 Nd6 27.
Nd3 Ne4 28. Rf1 Nxg3 29. Re1 Ne4 30. f3 g4 31. fxe4 g3 32. Ne5 Qf2+ 0-1

[Event "8. LGA Premium Cup 2011"]
[Site "Nürnberg"]
[Date "2011.09.08"]
[Round "1.88"]
[White "Grafe, Wilhelm"]
[Black "Krawczyk, Harald"]
[Result "1-0"]
[WhiteElo "2182"]
[BlackElo "1526"]
[PlyCount "77"]
[EventDate "2011.??.??"]

1. Nf3 Nf6 2. d4 d5 3. g3 c6 4. Bg2 g6 5. O-O Bg7 6. c4 dxc4 7. Na3 Bg4 8. Nxc4
Bxf3 9. Bxf3 O-O 10. b3 Nbd7 11. Bb2 Nb6 12. Qc2 Qc7 13. Rac1 Rac8 14. Rfd1 e6
15. b4 Nxc4 16. Qxc4 Nd5 17. a4 Qd7 18. b5 Ne7 19. Ba3 Rfd8 20. e3 Nd5 21. Qb3
cxb5 22. axb5 b6 23. Rxc8 Rxc8 24. Rc1 Rxc1+ 25. Bxc1 Nc7 26. Bc6 Qc8 27. Qa4
a6 28. bxa6 Nxa6 29. Ba3 Bf8 30. Bb2 Nb4 31. Bb5 Nd5 32. Qb3 Qc7 33. e4 Ne7 34.
Qd3 Bg7 35. h4 h5 36. Ba3 Nc8 37. d5 Nd6 38. dxe6 fxe6 39. Qxd6 1-0

[Event "8. LGA Premium Cup 2011"]
[Site "Nürnberg"]
[Date "2011.09.08"]
[Round "1.89"]
[White "Duensing, Hartwig"]
[Black "Bauer, Andreas"]
[Result "0-1"]
[WhiteElo "1629"]
[BlackElo "2084"]
[PlyCount "70"]
[EventDate "2011.??.??"]

1. e4 c5 2. Nf3 d6 3. d4 cxd4 4. Nxd4 Nf6 5. Nc3 a6 6. f3 e5 7. Nb3 Be6 8. Be2
Be7 9. f4 exf4 10. Bxf4 Nc6 11. Qd2 O-O 12. O-O-O Ne5 13. Nd4 Qc7 14. Nxe6 fxe6
15. h3 Rad8 16. Qd4 b5 17. Bh2 Nc6 18. Qe3 b4 19. Nb1 Qa5 20. Qb3 Qg5+ 21. Rd2
Nd4 22. Qd3 Qxg2 23. Rhd1 Qxh2 24. Qxd4 Qxh3 25. e5 dxe5 26. Qxe5 Nd5 27. Rd3
Qh6+ 28. Nd2 Nf4 29. Rxd8 Nxe2+ 30. Qxe2 Rxd8 31. Kb1 a5 32. Nc4 Rxd1+ 33. Qxd1
Qg5 34. a3 bxa3 35. bxa3 Qb5+ 0-1

[Event "8. LGA Premium Cup 2011"]
[Site "Nürnberg"]
[Date "2011.09.08"]
[Round "1.90"]
[White "Eppinger, Georg"]
[Black "Forster, Stephan"]
[Result "1-0"]
[WhiteElo "2162"]
[BlackElo "1464"]
[PlyCount "99"]
[EventDate "2011.??.??"]

1. e4 c5 2. c3 d6 3. d4 cxd4 4. cxd4 g6 5. Nf3 Bg7 6. Bc4 Nf6 7. Nc3 O-O 8. Qe2
Nc6 9. h3 a6 10. O-O b5 11. Bb3 Bb7 12. Rd1 Qc7 13. Bg5 Na5 14. Bc2 Rac8 15.
Rac1 h6 16. Bf4 Qb6 17. d5 b4 18. Be3 Qd8 19. Na4 Nc4 20. Bd4 Nd7 21. b3 Nce5
22. Ne1 g5 23. Qe3 Nf6 24. Nd3 Nxd3 25. Bxd3 Nh5 26. Bxg7 Kxg7 27. Qd4+ Kg8 28.
Qxb4 Rb8 29. Qd4 Bc8 30. Bf1 f5 31. e5 f4 32. e6 Bb7 33. Qe4 Ng7 34. Nc3 Rf5
35. Bc4 Qf8 36. f3 Qf6 37. Qd3 Nh5 38. Bxa6 Ba8 39. Qd4 Re5 40. Ne4 Qf5 41. Qa7
Qf8 42. Rc7 Bxd5 43. Rxe7 Ra8 44. Qd7 Rd8 45. Rf7 Rxd7 46. Rxf8+ Kxf8 47. exd7
Ke7 48. Nxd6 Kxd7 49. Nc4 Rf5 50. Bc8+ 1-0

[Event "8. LGA Premium Cup 2011"]
[Site "Nürnberg"]
[Date "2011.09.08"]
[Round "1.91"]
[White "Dreiseitel, Werner"]
[Black "Mader, Manuela"]
[Result "0-1"]
[WhiteElo "1455"]
[BlackElo "2167"]
[PlyCount "84"]
[EventDate "2011.??.??"]

1. d4 Nf6 2. c4 g6 3. Nc3 Bg7 4. e4 d6 5. Nf3 O-O 6. Be2 e5 7. d5 a5 8. O-O Na6
9. Ne1 Nc5 10. f3 Nfd7 11. Be3 f5 12. Nd3 b6 13. a3 Nf6 14. Nf2 f4 15. Bd2 a4
16. Rb1 Bd7 17. Na2 g5 18. Nb4 g4 19. fxg4 Nfxe4 20. Nxe4 Nxe4 21. Be1 Nc5 22.
Nd3 Qg5 23. Nxc5 bxc5 24. b4 axb3 25. Rxb3 Ba4 26. Rff3 e4 27. Rh3 Rab8 28. Qb1
Bd4+ 29. Kh1 Rxb3 30. Rxb3 Bxb3 31. Qxb3 f3 32. gxf3 Qc1 33. Qd1 Qxd1 34. Bxd1
exf3 35. Ba5 f2 36. Be2 f1=Q+ 37. Bxf1 Rxf1+ 38. Kg2 Rc1 39. Bxc7 Be5 40. a4
Rxc4 41. a5 Rxg4+ 42. Kh3 Ra4 0-1

[Event "8. LGA Premium Cup 2011"]
[Site "Nürnberg"]
[Date "2011.09.08"]
[Round "1.92"]
[White "Guthmann, Peter"]
[Black "Zeug, Klaus-Peter"]
[Result "1-0"]
[WhiteElo "2190"]
[BlackElo "1496"]
[PlyCount "61"]
[EventDate "2011.??.??"]

1. e4 e5 2. Nf3 Nc6 3. Bb5 a6 4. Ba4 Nf6 5. O-O Be7 6. Re1 b5 7. Bb3 d6 8. c3
O-O 9. h3 Na5 10. Bc2 c5 11. d4 cxd4 12. cxd4 Qc7 13. b3 Nc6 14. a3 Re8 15. Bb2
Bb7 16. Nbd2 exd4 17. Nxd4 Bf8 18. Nf5 Be7 19. Rc1 Qd7 20. Nf3 Rad8 21. Qd2 Qc7
22. Qg5 Bf8 23. Bxf6 Re6 24. Bxd8 Qxd8 25. Qxd8 Nxd8 26. N3d4 Re8 27. Ne3 Ne6
28. Nxe6 fxe6 29. Bd3 d5 30. exd5 Bxa3 31. Rc7 1-0

[Event "8. LGA Premium Cup 2011"]
[Site "Nürnberg"]
[Date "2011.09.08"]
[Round "1.93"]
[White "Steinbacher, Matthias"]
[Black "Anicic, Dragan"]
[Result "1-0"]
[WhiteElo "2182"]
[BlackElo "1540"]
[PlyCount "67"]
[EventDate "2011.??.??"]

1. Nc3 d5 2. e4 d4 3. Nce2 e5 4. Ng3 Nf6 5. Bc4 Nc6 6. Nf3 h6 7. O-O g6 8. c3
d3 9. b4 a6 10. Qb3 Qe7 11. Bxd3 b5 12. a4 Be6 13. Qc2 Rb8 14. axb5 axb5 15.
Ra6 Qd7 16. Be2 Bg7 17. d3 O-O 18. Be3 Rfe8 19. Nd2 g5 20. Nb3 Bxb3 21. Qxb3
Qe6 22. Qxe6 Rxe6 23. Rfa1 Nd8 24. Ra8 Nc6 25. Rxb8+ Nxb8 26. Ra8 Re8 27. Nh5
Nbd7 28. Rxe8+ Nxe8 29. Nxg7 Kxg7 30. d4 c6 31. d5 cxd5 32. Bxb5 Ndf6 33. Bxe8
Nxe4 34. b5 1-0

[Event "8. LGA Premium Cup 2011"]
[Site "Nürnberg"]
[Date "2011.09.09"]
[Round "2.1"]
[White "Baramidze, David"]
[Black "Zwahr, Paul"]
[Result "1-0"]
[WhiteElo "2595"]
[BlackElo "2323"]
[PlyCount "41"]
[EventDate "2011.??.??"]
[WhiteTeam "SV Hockenheim"]
[BlackTeam "SG Grün-Weiß Dresden"]

1. Nf3 Nf6 2. d4 g6 3. Nc3 d5 4. Bf4 c6 5. e3 Bg7 6. Be2 Bg4 7. Ne5 Bxe2 8.
Qxe2 Nbd7 9. h4 Qa5 10. O-O-O Ne4 11. Nxe4 dxe4 12. Nxd7 Kxd7 13. Kb1 Rad8 14.
h5 Kc8 15. c4 Qf5 16. g4 Qa5 17. h6 Bf8 18. d5 e6 19. dxc6 Rxd1+ 20. Qxd1 bxc6
21. Qd4 1-0

[Event "8. LGA Premium Cup 2011"]
[Site "Nürnberg"]
[Date "2011.09.09"]
[Round "2.2"]
[White "Schramm, Christian"]
[Black "Kunin, Vitaly"]
[Result "1/2-1/2"]
[WhiteElo "2297"]
[BlackElo "2581"]
[PlyCount "296"]
[EventDate "2011.??.??"]
[WhiteTeam "SC 1959 Obernau"]
[BlackTeam "Freibauer Mörlenbach-Birkenau"]

1. c4 e5 2. g3 Nf6 3. Bg2 d5 4. cxd5 Nxd5 5. Nf3 Nc6 6. d4 Bb4+ 7. Bd2 e4 8.
Ne5 e3 9. Bxb4 exf2+ 10. Kxf2 Ndxb4 11. Nxc6 Nxc6 12. e3 O-O 13. Re1 Re8 14.
Nc3 Bf5 15. Bxc6 bxc6 16. e4 Bg6 17. Kg1 Rb8 18. Qd2 c5 19. d5 Re5 20. Qf2 Qe7
21. Rad1 Bxe4 22. Nxe4 Rxe4 23. Rxe4 Qxe4 24. b3 Rf8 25. Qxc5 Qe2 26. Rf1 Qxa2
27. Qxc7 Qxb3 28. Qxa7 Qxd5 29. Qf2 h6 30. Qf3 Qe6 31. Qf5 Qe7 32. Kg2 Rd8 33.
Rf2 Qa7 34. Qf3 Rd6 35. Qe4 Re6 36. Qd5 Qe7 37. Qa8+ Kh7 38. Qd5 Qc7 39. Qf5+
Kg8 40. Qd5 Re1 41. Qa8+ Kh7 42. Qd5 Re7 43. Qf5+ Kg8 44. Qd5 Rd7 45. Qa8+ Rd8
46. Qe4 h5 47. Qf4 Qe7 48. Qf5 g6 49. Qf6 Qe4+ 50. Qf3 Qc4 51. Qf4 Qb3 52. Qf3
Rd3 53. Qe4 Re3 54. Qa8+ Kh7 55. Qc6 Re7 56. Qf3 Qb5 57. Qf6 Ra7 58. Qf3 Qc4
59. Qf4 Qe6 60. Qf6 Ra2 61. Qf3 Rxf2+ 62. Qxf2 Qd5+ 63. Kg1 Qd1+ 64. Kg2 Qd5+
65. Kg1 Kg7 66. Qb2+ Kf8 67. Qb4+ Ke8 68. Qe1+ Kd7 69. Qf2 Kc6 70. Qf6+ Kc5 71.
Qc3+ Kd6 72. Qf6+ Kd7 73. Qf4 Qd1+ 74. Kg2 Qe2+ 75. Kg1 Ke6 76. Qd4 Qe1+ 77.
Kg2 Qe2+ 78. Kg1 g5 79. Qg7 Qe1+ 80. Kg2 Qd2+ 81. Kg1 Qd1+ 82. Kg2 Qd5+ 83. Kg1
Kf5 84. h3 Qc5+ 85. Kg2 Qc6+ 86. Kg1 Qc1+ 87. Kg2 Qc2+ 88. Kg1 Qb1+ 89. Kg2
Qa2+ 90. Kg1 Qb1+ 91. Kg2 Qc2+ 92. Kg1 Qc5+ 93. Kg2 Qc6+ 94. Kg1 Qf6 95. Qh7+
Qg6 96. Qh8 Ke4 97. Qa8+ Ke3 98. Qa7+ Kd3 99. Qa3+ Kd2 100. Qb4+ Kd1 101. Qb3+
Ke2 102. Qa2+ Ke3 103. Qa7+ Kd3 104. Qa3+ Kd4 105. Qa7+ Ke5 106. Qc5+ Kf6 107.
Qd4+ Ke7 108. Qc5+ Kd7 109. Qa7+ Ke8 110. Qa8+ Ke7 111. Qa3+ Qd6 112. Qe3+ Kf6
113. Qf3+ Kg6 114. Qe4+ Kg7 115. Kg2 Qe6 116. Qd4+ f6 117. Qa7+ Kg6 118. Qf2
Qe4+ 119. Kh2 h4 120. gxh4 Qxh4 121. Qc2+ Kh6 122. Qf5 Qd4 123. Qc8 Qf4+ 124.
Kg2 Qe4+ 125. Kh2 Kg7 126. Qd7+ Kg6 127. Qc8 Qe5+ 128. Kg2 Qd5+ 129. Kh2 Kf7
130. Qc7+ Ke6 131. Qc8+ Ke5 132. Qb8+ Qd6 133. Qb2+ Kf5+ 134. Kg2 Qd5+ 135. Kg1
Qf3 136. Qb5+ Ke6 137. Qe8+ Kd6 138. Qd8+ Ke5 139. Qe7+ Kd4 140. Qb4+ Kd3 141.
Qb3+ Ke2 142. Qb2+ Ke1 143. Qa1+ Kd2 144. Qb2+ Kd3 145. Qb3+ Ke4 146. Qb7+ Kf4
147. Qc7+ Kf5 148. Qc8+ Ke5 1/2-1/2

[Event "8. LGA Premium Cup 2011"]
[Site "Nürnberg"]
[Date "2011.09.09"]
[Round "2.3"]
[White "Jahnel, Günther"]
[Black "Ftacnik, Lubomir"]
[Result "0-1"]
[WhiteElo "2281"]
[BlackElo "2564"]
[PlyCount "96"]
[EventDate "2011.??.??"]
[WhiteTeam "SC Hoyerswerda"]
[BlackTeam "Hamburger SK von 1830 eV"]

1. d4 Nf6 2. c4 c6 3. Nf3 d5 4. Nc3 a6 5. e3 b5 6. b3 Bg4 7. Be2 e6 8. O-O Nbd7
9. Ne5 Bxe2 10. Qxe2 Nxe5 11. dxe5 Nd7 12. f4 Bc5 13. Kh1 O-O 14. cxd5 cxd5 15.
Bb2 Ba7 16. Rf3 Rc8 17. a4 b4 18. Na2 a5 19. Rh3 g6 20. e4 dxe4 21. Rd1 Qe7 22.
Qxe4 Nc5 23. Qe2 Rfd8 24. Rf1 Qd7 25. Bc1 Nd3 26. Be3 Bxe3 27. Rxe3 Qd5 28. h4
Qxb3 29. f5 exf5 30. e6 fxe6 31. Rxe6 Nc5 32. Re3 Qf7 33. Nc1 Re8 34. Re1 Rxe3
35. Qxe3 Nxa4 36. Nd3 Nc3 37. h5 Ne4 38. Kg1 Qd5 39. Rd1 Rc3 40. hxg6 hxg6 41.
Qb6 Rxd3 42. Qxg6+ Kf8 43. Qh6+ Ke8 44. Qg6+ Kd7 45. Rxd3 Qxd3 46. Qxf5+ Kd6
47. Qxa5 Qd4+ 48. Kh1 Nf2+ 0-1

[Event "8. LGA Premium Cup 2011"]
[Site "Nürnberg"]
[Date "2011.09.09"]
[Round "2.4"]
[White "Braun, Arik"]
[Black "Mons, Leon"]
[Result "1/2-1/2"]
[WhiteElo "2557"]
[BlackElo "2325"]
[PlyCount "72"]
[EventDate "2011.??.??"]
[WhiteTeam "SC Eppingen"]
[BlackTeam "SC Forchheim e.V."]

1. d4 d5 2. c4 e6 3. Nc3 Be7 4. Nf3 Nf6 5. Bg5 h6 6. Bh4 O-O 7. e3 b6 8. cxd5
Nxd5 9. Bxe7 Qxe7 10. Nxd5 exd5 11. Rc1 Be6 12. Qb3 c5 13. Qa3 Rc8 14. Be2 Qb7
15. dxc5 bxc5 16. O-O Qb6 17. Rc3 Nd7 18. Rfc1 a5 19. Rb3 Qa7 20. Rb5 Rcb8 21.
h3 Rb6 22. b3 a4 23. b4 Rxb5 24. Bxb5 Qb8 25. Bc6 cxb4 26. Qb2 Ra5 27. Nd4 Ne5
28. Rb1 a3 29. Qxb4 Qxb4 30. Rxb4 Nxc6 31. Nxc6 Rc5 32. Nd4 Rc1+ 33. Kh2 Ra1
34. Rb8+ Kh7 35. Ra8 Rxa2 36. Kg3 Kg6 1/2-1/2

[Event "8. LGA Premium Cup 2011"]
[Site "Nürnberg"]
[Date "2011.09.09"]
[Round "2.6"]
[White "Ikonnikov, Vyacheslav"]
[Black "Unzicker, Ferdinand"]
[Result "1/2-1/2"]
[WhiteElo "2492"]
[BlackElo "2273"]
[PlyCount "88"]
[EventDate "2011.??.??"]
[WhiteTeam "SF Bad Mergentheim"]
[BlackTeam "FC Bayern München e.V."]

1. d4 d5 2. Nf3 Nf6 3. c4 e6 4. Nc3 Be7 5. Bg5 O-O 6. e3 Nbd7 7. Rc1 a6 8. cxd5
exd5 9. Bd3 Re8 10. O-O Nf8 11. Qb3 c6 12. Na4 Ne4 13. Bf4 Bd6 14. Bxe4 dxe4
15. Ng5 Re7 16. Qb6 Qxb6 17. Nxb6 Bxf4 18. exf4 Rb8 19. Rfe1 Bf5 20. f3 f6 21.
Nxe4 Bxe4 22. fxe4 Ne6 23. d5 Nxf4 24. dxc6 bxc6 25. Rxc6 Nd3 26. Rd1 Ne5 27.
Rc8+ Rxc8 28. Nxc8 Rc7 29. Nb6 Rc2 30. Na4 h5 31. h3 Kh7 32. Rf1 Nd3 33. Rf3
Nxb2 34. Nxb2 Rxb2 35. Ra3 Rb6 36. Kf2 h4 37. Kf3 g5 38. Ra5 Kg6 39. g3 hxg3
40. Kxg3 Rc6 41. h4 gxh4+ 42. Kxh4 Rc4 43. Kg3 Rxe4 44. Rxa6 Kg5 1/2-1/2

[Event "8. LGA Premium Cup 2011"]
[Site "Nürnberg"]
[Date "2011.09.09"]
[Round "2.7"]
[White "Strunski, Andreas"]
[Black "Bischoff, Klaus"]
[Result "1/2-1/2"]
[WhiteElo "2264"]
[BlackElo "2528"]
[PlyCount "47"]
[EventDate "2011.??.??"]
[WhiteTeam "Stuttgarter SF 1879"]
[BlackTeam "Sportfreunde Katernberg 1913 e.V"]

1. d4 g6 2. c4 Bg7 3. e4 d6 4. Ne2 c6 5. Nbc3 a6 6. c5 dxc5 7. dxc5 Qxd1+ 8.
Nxd1 f5 9. Nec3 Nf6 10. exf5 Bxf5 11. f3 Nbd7 12. Be3 Nd5 13. Bf2 Ne5 14. Nxd5
cxd5 15. Ne3 Be6 16. Nc2 Nc6 17. O-O-O O-O 18. Bd3 Rad8 19. Rhe1 Bc8 20. Bh4
Rde8 21. Bf1 e6 22. Bf2 Bd7 23. Kb1 Rf7 24. Be2 1/2-1/2

[Event "8. LGA Premium Cup 2011"]
[Site "Nürnberg"]
[Date "2011.09.09"]
[Round "2.8"]
[White "Danin, Alexander"]
[Black "Kersten, Uwe"]
[Result "1/2-1/2"]
[WhiteElo "2542"]
[BlackElo "2264"]
[PlyCount "69"]
[EventDate "2011.??.??"]
[WhiteTeam "SC Tornado Wuppertal 199"]
[BlackTeam "Kasseler SK 1876"]

1. e4 c5 2. Nf3 e6 3. d4 cxd4 4. Nxd4 a6 5. Nc3 Qc7 6. Be2 b5 7. O-O Bb7 8. Re1
Nc6 9. Nxc6 dxc6 10. e5 Rd8 11. Bd3 c5 12. Bg5 Be7 13. Qh5 Bxg5 14. Qxg5 Ne7
15. a4 c4 16. Bf1 b4 17. Ne4 O-O 18. Nd6 Bd5 19. Qg4 Ng6 20. Bxc4 f5 21. Qd4
Rxd6 22. exd6 Qxc4 23. Qxc4 Bxc4 24. a5 Kf7 25. Rad1 Bd5 26. Rd4 Rb8 27. d7 Rd8
28. Rxb4 Rxd7 29. Rd1 Rc7 30. Rd2 Rc5 31. f3 Ne5 32. b3 Bxf3 33. Rb6 Be4 34.
Rxa6 Bxc2 35. b4 1/2-1/2

[Event "8. LGA Premium Cup 2011"]
[Site "Nürnberg"]
[Date "2011.09.09"]
[Round "2.9"]
[White "Donchenko, Alexander"]
[Black "Malakhatko, Vadim"]
[Result "1/2-1/2"]
[WhiteElo "2281"]
[BlackElo "2542"]
[PlyCount "82"]
[EventDate "2011.??.??"]
[WhiteTeam "SK 1858 Gießen"]
[BlackTeam "SV Mülheim-Nord 1931 e"]

1. d4 Nf6 2. c4 e6 3. Nf3 d5 4. Nc3 c6 5. e3 a6 6. b3 Bb4 7. Bd2 Bd6 8. Bd3 c5
9. O-O O-O 10. cxd5 exd5 11. dxc5 Bxc5 12. Ne2 Nc6 13. Ned4 Nb4 14. Bb1 Ne4 15.
a3 Nc6 16. Qe1 Re8 17. Qc1 Qd6 18. Nxc6 bxc6 19. Bb4 Bxb4 20. axb4 Bd7 21. Bxe4
dxe4 22. Qd2 Qe7 23. Nd4 Reb8 24. Nc2 h6 25. Ra5 Rb5 26. Rfa1 Rd8 27. Rxb5 cxb5
28. Nd4 Rc8 29. h3 Qd6 30. Nf3 Qf6 31. Nd4 Qg6 32. Kh1 Qd6 33. Rd1 Rc7 34. Qe1
Qf6 35. Kg1 Qg5 36. Kf1 Qe7 37. Kg1 h5 38. Ra1 Qd6 39. Rd1 Qg6 40. Kh1 Qf6 41.
Kg1 Qg5 1/2-1/2

[Event "8. LGA Premium Cup 2011"]
[Site "Nürnberg"]
[Date "2011.09.09"]
[Round "2.10"]
[White "Nuber, Blasius"]
[Black "Olszewski, Michal"]
[Result "0-1"]
[WhiteElo "2285"]
[BlackElo "2516"]
[PlyCount "52"]
[EventDate "2011.??.??"]
[WhiteTeam "SC Dillingen"]
[BlackTeam "DJK Aufwärts St. Josef Aachen 19"]

1. e4 c5 2. c3 Nf6 3. e5 Nd5 4. d4 cxd4 5. cxd4 e6 6. Nf3 b6 7. Be2 Bb7 8. O-O
Be7 9. Bd2 O-O 10. Nc3 d6 11. Rc1 Nd7 12. Qa4 a6 13. exd6 Bxd6 14. Bg5 Be7 15.
Bxe7 Nxe7 16. Ne5 b5 17. Qb4 Nxe5 18. dxe5 Ng6 19. f4 Qb6+ 20. Kh1 Rac8 21. f5
exf5 22. Rxf5 Qe3 23. Re1 Rc4 24. Bxc4 Qxe1+ 25. Rf1 Qh4 26. a3 Qxc4 0-1

[Event "8. LGA Premium Cup 2011"]
[Site "Nürnberg"]
[Date "2011.09.09"]
[Round "2.11"]
[White "Sanikidze, Tornike"]
[Black "Afek, Yochanan"]
[Result "1-0"]
[WhiteElo "2512"]
[BlackElo "2295"]
[PlyCount "41"]
[EventDate "2011.??.??"]
[WhiteTeam "SG Trier"]
[BlackTeam "Hamburger SK von 1830 eV"]

1. d4 d5 2. c4 dxc4 3. e4 c5 4. d5 e6 5. Bxc4 Nf6 6. Nc3 exd5 7. Nxd5 Nxd5 8.
Bxd5 Be7 9. Ne2 O-O 10. O-O Na6 11. Bf4 Qb6 12. Nc3 Qxb2 13. Qf3 Nb4 14. Qg3
Kh8 15. a3 Bf6 16. e5 Nxd5 17. Nxd5 Bd8 18. e6 Bf6 19. Rab1 Qc2 20. e7 Rg8 21.
Nxf6 1-0

[Event "8. LGA Premium Cup 2011"]
[Site "Nürnberg"]
[Date "2011.09.09"]
[Round "2.12"]
[White "Wagner, Dennis"]
[Black "Ginsburg, Gennadi"]
[Result "1-0"]
[WhiteElo "2302"]
[BlackElo "2483"]
[PlyCount "177"]
[EventDate "2011.??.??"]
[WhiteTeam "Kasseler SK 1876"]
[BlackTeam "SV 1920 Hofheim"]

1. d4 d5 2. c4 e6 3. Nf3 Nf6 4. g3 Bb4+ 5. Bd2 Be7 6. Bg2 O-O 7. O-O c6 8. Bf4
Nbd7 9. Nc3 a6 10. a4 b6 11. Qb3 Bb7 12. c5 Ra7 13. cxb6 Nxb6 14. a5 Nc4 15.
Nd2 Nxd2 16. Bxd2 Ba8 17. Na4 Nd7 18. Rfc1 Rb7 19. Qe3 Rb5 20. Rab1 Bb4 21.
Bxb4 Rxb4 22. Ra1 Qxa5 23. Nc5 Qd8 24. Qd2 Rb6 25. Nxa6 Qf6 26. e3 Bb7 27. Nb4
Qe7 28. Nd3 Ba6 29. Nc5 Bc8 30. Ra7 Qd6 31. Bf1 Nf6 32. b3 e5 33. Qa5 Rb8 34.
Qc7 Qxc7 35. Rxc7 exd4 36. exd4 Rb6 37. f3 h5 38. Bd3 Bh3 39. Ra1 Ne8 40. Rca7
Nd6 41. Kf2 Bc8 42. Rc7 g6 43. Ra8 Kg7 44. h3 Re8 45. g4 hxg4 46. hxg4 g5 47.
Ra1 Rh8 48. Kg2 Nb7 49. Ra7 Nd6 50. Re7 Re8 51. Rec7 Rh8 52. Ra1 Kf6 53. Re1
Kg7 54. Re5 Kf6 55. Rxc8 Nxc8 56. Nd7+ Kg7 57. Rxg5+ Kh6 58. Rh5+ Kg7 59. Rg5+
Kh6 60. Rh5+ Kg7 61. Nxb6 Nxb6 62. Rxh8 Kxh8 63. Ba6 Nd7 64. Bb7 Nb8 65. Ba6
Nd7 66. Bb7 Nb8 67. Kg3 Kg7 68. Kf4 Kf6 69. Bc8 Ke7 70. Kg5 Kd8 71. Bf5 Ke7 72.
f4 Na6 73. Bd3 Nb4 74. Bb1 Na6 75. f5 Nc7 76. Bd3 Ne8 77. Kf4 f6 78. g5 fxg5+
79. Kxg5 Nf6 80. Kg6 Ne8 81. Ba6 Nd6 82. Bd3 Ne8 83. Be2 Nf6 84. Ba6 Ne4 85.
Bb7 Kd6 86. f6 Nxf6 87. Kxf6 c5 88. Ba6 cxd4 89. b4 1-0

[Event "8. LGA Premium Cup 2011"]
[Site "Nürnberg"]
[Date "2011.09.09"]
[Round "2.13"]
[White "Luther, Thomas"]
[Black "Nuber, Korbinian"]
[Result "0-1"]
[WhiteElo "2493"]
[BlackElo "2297"]
[PlyCount "76"]
[EventDate "2011.??.??"]
[WhiteTeam "SV Empor Erfurt"]
[BlackTeam "SC Dillingen"]

1. e4 e6 2. d4 d5 3. Nd2 c5 4. exd5 Qxd5 5. Ngf3 cxd4 6. Bc4 Qd6 7. Qe2 Nf6 8.
Nb3 Nc6 9. Bg5 h6 10. Bxf6 gxf6 11. O-O-O Bd7 12. Nbxd4 Qf4+ 13. Kb1 O-O-O 14.
Nxc6 Bxc6 15. Rxd8+ Kxd8 16. Rd1+ Kc7 17. Bb5 Bd5 18. Be8 Rg8 19. Bxf7 Rxg2 20.
Nd4 Qe5 21. Qd3 Be7 22. f4 Qe4 23. Qc3+ Kb8 24. f5 e5 25. Nb5 Bc6 26. Bc4 a6
27. Na3 Qf3 28. Qe1 Bxa3 29. bxa3 Be4 30. Bb3 Qxf5 31. Qc3 Qc8 32. Qb2 Qc5 33.
Qc1 Rxh2 34. Re1 Qc6 35. Kb2 h5 36. Re3 f5 37. Rc3 Qd6 38. Qg5 Qd4 0-1

[Event "8. LGA Premium Cup 2011"]
[Site "Nürnberg"]
[Date "2011.09.09"]
[Round "2.14"]
[White "Heimrath, Reiner"]
[Black "Huschenbeth, Niclas"]
[Result "1/2-1/2"]
[WhiteElo "2189"]
[BlackElo "2513"]
[PlyCount "75"]
[EventDate "2011.??.??"]
[WhiteTeam "SC Noris-Tarrasch Nürnberg 1873"]
[BlackTeam "Hamburger SK von 1830 eV"]

1. e4 c5 2. Nf3 d6 3. g3 g6 4. Bg2 Bg7 5. O-O Nc6 6. d3 Nf6 7. Nbd2 O-O 8. c3
Rb8 9. Re1 b5 10. d4 cxd4 11. Nxd4 Ne5 12. N2f3 Nxf3+ 13. Bxf3 Qc7 14. Qe2 Bd7
15. Bd2 e5 16. Nc2 Be6 17. Bg5 Nd7 18. Nb4 Nc5 19. Qd2 a5 20. Nd5 Bxd5 21. Qxd5
b4 22. Bd2 bxc3 23. Bxc3 a4 24. Rac1 Qe7 25. Red1 Rb6 26. Rc2 Rfb8 27. Be2 Ne6
28. Bc4 h5 29. h4 Nd4 30. Bxd4 exd4 31. b3 axb3 32. axb3 R6b7 33. Ra2 Rc7 34.
Rd3 Rc5 35. Ra8 Rxa8 36. Qxa8+ Kh7 37. Rf3 Bf6 38. Kg2 1/2-1/2

[Event "8. LGA Premium Cup 2011"]
[Site "Nürnberg"]
[Date "2011.09.09"]
[Round "2.15"]
[White "Milov, Leonid"]
[Black "Siedentopf, Daniel"]
[Result "1-0"]
[WhiteElo "2454"]
[BlackElo "2237"]
[PlyCount "79"]
[EventDate "2011.??.??"]
[WhiteTeam "SC Noris-Tarrasch Nürnberg 1873"]
[BlackTeam "SG Grün-Weiß Dresden"]

1. e4 e6 2. Nf3 d5 3. Nc3 Nf6 4. e5 Nfd7 5. d4 c5 6. Ne2 Nc6 7. c3 cxd4 8. cxd4
f6 9. exf6 Nxf6 10. Nc3 Bd6 11. Bb5 O-O 12. O-O Qb6 13. h3 Bd7 14. Re1 Rac8 15.
Be3 a6 16. Bd3 Qc7 17. Rc1 Qb8 18. Bb1 h6 19. Qd3 Be8 20. Bd2 Bf7 21. g4 e5 22.
dxe5 Nxe5 23. Nxe5 Bxe5 24. g5 hxg5 25. Bxg5 Rfd8 26. Bxf6 Bxf6 27. Qh7+ Kf8
28. Qh8+ Bg8 29. Bh7 Kf7 30. Bxg8+ Rxg8 31. Qh5+ g6 32. Qxd5+ Kg7 33. Ne4 Rgd8
34. Qb3 Rxc1 35. Rxc1 Qf4 36. Qxb7+ Kh6 37. Rc7 Rh8 38. Rf7 Qc1+ 39. Kg2 Bxb2
40. Qe7 1-0

[Event "8. LGA Premium Cup 2011"]
[Site "Nürnberg"]
[Date "2011.09.09"]
[Round "2.16"]
[White "Safyanowsky, Mark"]
[Black "Hoffmann, Michael"]
[Result "0-1"]
[WhiteElo "2186"]
[BlackElo "2463"]
[PlyCount "96"]
[EventDate "2011.??.??"]
[WhiteTeam "SAbt TSV Haunstetten"]
[BlackTeam "SG Solingen e.V."]

1. d4 Nf6 2. c4 g6 3. Nc3 d5 4. Nf3 Bg7 5. Bg5 Ne4 6. cxd5 Nxg5 7. Nxg5 e6 8.
Nf3 exd5 9. e3 O-O 10. Be2 c6 11. O-O Be6 12. Qd2 Nd7 13. Na4 Qe7 14. Rfc1 Rae8
15. Nc5 Nxc5 16. Rxc5 Bg4 17. h3 Bd7 18. Bf1 f5 19. Ra5 a6 20. Ra3 Bc8 21. g3
g5 22. Bg2 h6 23. Rd1 Qd6 24. b4 Re7 25. Rb3 f4 26. exf4 gxf4 27. g4 h5 28. g5
Bf5 29. Nh4 Be4 30. Bf3 Bxf3 31. Nxf3 Re4 32. a4 Qe6 33. Kg2 Re2 34. Qd3 Re8
35. b5 Qe3 36. Rf1 cxb5 37. axb5 a5 38. Qd1 Qe4 39. b6 Rc8 40. Qa1 Rcc2 41. Rc3
Bxd4 42. Rxc2 Bxa1 43. Rc8+ Kg7 44. Rc7+ Kg6 45. Rxa1 Rxf2+ 46. Kxf2 Qe3+ 47.
Kg2 Qe2+ 48. Kg1 Qxf3 0-1

[Event "8. LGA Premium Cup 2011"]
[Site "Nürnberg"]
[Date "2011.09.09"]
[Round "2.17"]
[White "Farago, Ivan"]
[Black "Löw, Gerald"]
[Result "1-0"]
[WhiteElo "2495"]
[BlackElo "2215"]
[PlyCount "43"]
[EventDate "2011.??.??"]
[WhiteTeam "SC Rottal"]
[BlackTeam "TSV Bindlach Aktionär-Schachabte"]

1. d4 Nf6 2. c4 g6 3. Nc3 d5 4. Nf3 Bg7 5. Qb3 dxc4 6. Qxc4 O-O 7. e4 Nc6 8.
Be2 Bg4 9. d5 Na5 10. Qb4 Bxf3 11. Bxf3 c6 12. O-O Qb6 13. Qa4 Nd7 14. Qc2 Rac8
15. Bg4 Rfd8 16. Bg5 Qb4 17. Rad1 cxd5 18. Nxd5 Rxc2 19. Nxb4 Rxb2 20. Bxd7
Rxb4 21. Bxe7 Rxd7 22. Rxd7 1-0

[Event "8. LGA Premium Cup 2011"]
[Site "Nürnberg"]
[Date "2011.09.09"]
[Round "2.18"]
[White "Lobzhanidze, David"]
[Black "Bartsch, Berthold"]
[Result "1-0"]
[WhiteElo "2463"]
[BlackElo "2213"]
[PlyCount "117"]
[EventDate "2011.??.??"]
[WhiteTeam "SV 1920 Hofheim"]
[BlackTeam "SC Forchheim e.V."]

1. e4 c5 2. Nf3 Nf6 3. Nc3 d5 4. exd5 Nxd5 5. Bb5+ Bd7 6. a4 Nxc3 7. bxc3 e6 8.
O-O Be7 9. d4 Bxb5 10. axb5 O-O 11. Qe2 Nd7 12. Rd1 cxd4 13. cxd4 Nb6 14. Ba3
Re8 15. c4 Bf6 16. Ne5 Qc7 17. Rac1 a6 18. c5 Nd5 19. b6 Qd8 20. Nc4 Qd7 21.
Nd6 Red8 22. Qf3 Rab8 23. Rb1 Qa4 24. Qb3 Qc6 25. Qf3 Qa4 26. Rb3 Rd7 27. Rbd3
Rf8 28. Bc1 Qc6 29. Bf4 Rfd8 30. Bg3 Nb4 31. Qxc6 Nxc6 32. d5 exd5 33. Rxd5 Be7
34. Kf1 f6 35. Ke2 Bxd6 36. Rxd6 Rxd6 37. Bxd6 Kf7 38. Rd3 Rd7 39. Kd2 Ke6 40.
f4 Kf5 41. Kc3 Ke4 42. Rd1 Rd8 43. g4 g6 44. Re1+ Kd5 45. f5 gxf5 46. gxf5 Rd7
47. Re8 Ne5 48. Rc8 Nc4 49. Bf4 Na5 50. Rc7 Rd8 51. Bd6 Re8 52. Rxh7 Re3+ 53.
Kc2 Rf3 54. h4 Rxf5 55. h5 Rf3 56. Bf8 Nb3 57. Rd7+ Kc4 58. c6 Rf2+ 59. Kd1 1-0